000 00459nam a2200181Ia 4500
003 GCL
008 140319s9999 xx 000 0 eng d
040 _aGCL /
_cGCL
082 0 4 _a621.20424
_bB H
100 1 _aBURTON, MIKE
245 1 0 _aHYDROULICS /
_cBURTON, MIKE
260 _a[S.N] :
_bAIRLIFE PUBLISHING ،
_c1993
300 _a101
650 0 4 _aHYDRAULIC ENGINEERING
650 0 4 _aHYDRULIC PRESSES
650 0 4 _aHYDRAULIC FLUIDS
942 _2ddc
_cBK
999 _c11177
_d11177